000 00868cam a2200253 a 4500
001 13544095
003 OSt
005 20150408114136.0
008 040331s2005 maua b 001 0 eng
010 _a 2004044705
020 _a9780273752189
040 _aMa-Un
_ceng
082 0 0 _a005.133
_222
_bSWP
100 1 _aSavitch, Walter J.,
_d1943-
_910440
245 1 0 _aProblem solving with C++ /
_cWalter Savitch.
250 _a8th ed.
260 _aBoston :
_bPearson/Addison Wesley,
_c2013.
300 _axxiii, 936 p. :
_bill. ;
_c23 cm.
500 _aIncludes index.
504 _aIncludes bibliographical references.
650 0 _aC++ (Computer program language)
942 _2ddc
_cBOOK
999 _c30291
_d264791